MARC details
| 000 -LEADER |
| fixed length control field |
05147cgm a2201045Mi 4500 |
| 001 - CONTROL NUMBER |
| control field |
ocn965583399 |
| 003 - CONTROL NUMBER IDENTIFIER |
| control field |
OCoLC |
| 005 - DATE AND TIME OF LATEST TRANSACTION |
| control field |
20200320222704.0 |
| 007 - PHYSICAL DESCRIPTION FIXED FIELD--GENERAL INFORMATION |
| fixed length control field |
vd cvaizu |
| 008 - FIXED-LENGTH DATA ELEMENTS--GENERAL INFORMATION |
| fixed length control field |
161005s2016 cau424 vleng d |
| 024 1# - OTHER STANDARD IDENTIFIER |
| Standard number or code |
826663170122 |
| 028 42 - PUBLISHER NUMBER |
| Publisher number |
SF 16536 |
| Source |
Shout! Factory |
| -- |
(It begins with heart) |
| 028 42 - PUBLISHER NUMBER |
| Publisher number |
SF 16597 |
| Source |
Shout! Factory |
| -- |
(Troubled hearts) |
| 028 42 - PUBLISHER NUMBER |
| Publisher number |
SF 16700 |
| Source |
Shout! Factory |
| -- |
(Heart of a hero) |
| 028 42 - PUBLISHER NUMBER |
| Publisher number |
SF 16852 |
| Source |
Shout! Factory |
| -- |
(Forever in my heart) |
| 028 42 - PUBLISHER NUMBER |
| Publisher number |
SF 17012 |
| Source |
Shout! Factory |
| -- |
(Hearts in question) |
| 028 42 - PUBLISHER NUMBER |
| Publisher number |
SF 17012 |
| Source |
Shout! Factory |
| 035 ## - SYSTEM CONTROL NUMBER |
| System control number |
(OCoLC)965583399 |
| 040 ## - CATALOGING SOURCE |
| Original cataloging agency |
TDS |
| Language of cataloging |
eng |
| Description conventions |
rda |
| Transcribing agency |
TDS |
| Modifying agency |
OCLCO |
| -- |
OCLCF |
| -- |
OCLCQ |
| -- |
OCLCO |
| -- |
OCLCA |
| -- |
WACOL |
| 041 1# - LANGUAGE CODE |
| Language code of text/sound track or separate title |
eng |
| -- |
eng |
| Language code of original and/or intermediate translations of text |
eng |
| 043 ## - GEOGRAPHIC AREA CODE |
| Geographic area code |
n-cn--- |
| 049 ## - LOCAL HOLDINGS (OCLC) |
| Holding library |
WACL |
| 050 #4 - LIBRARY OF CONGRESS CALL NUMBER |
| Classification number |
PN1997.2 |
| Item number |
W535 2015 |
| 082 04 - DEWEY DECIMAL CLASSIFICATION NUMBER |
| Classification number |
791.43/72 |
| Edition number |
23 |
| 092 ## - LOCALLY ASSIGNED DEWEY CALL NUMBER (OCLC) |
| Classification number |
DVD |
| Item number |
Whe |
| 245 00 - TITLE STATEMENT |
| Title |
When calls the heart |
| Name of part/section of a work |
The television movie collection. |
| Number of part/section of a work |
Year three / |
| Statement of responsibility, etc |
Hallmark Channel presents ; from executive producer Michael Landon Jr. |
| 246 3# - VARYING FORM OF TITLE |
| Title proper/short title |
When calls the heart |
| Name of part/section of a work |
The television movie collection. Year 3 |
| 246 3# - VARYING FORM OF TITLE |
| Title proper/short title |
When calls the heart |
| Name of part/section of a work |
The television movie collection. Third year |
| 246 3# - VARYING FORM OF TITLE |
| Title proper/short title |
When calls the heart |
| Name of part/section of a work |
The television movie collection. 3rd year |
| 250 ## - EDITION STATEMENT |
| Edition statement |
Widescreen version. |
| 264 #1 - Production, Publication, Distribution, Manufacture, and Copyright Notice. |
| Place of production, publication, distribution, manufacture |
Los Angeles, CA : |
| Name of producer, publisher, distributor, manufacturer |
Shout! Factory, |
| Date of production, publication, distribution, manufacture, or copyr |
[2016] |
| 300 ## - PHYSICAL DESCRIPTION |
| Extent |
5 videodiscs (approximately 424 min.) : |
| Other physical details |
sound, color ; |
| Dimensions |
4 3/4 in. |
| 336 ## - Content Type |
| Content type term |
two-dimensional moving image |
| 337 ## - Media type |
| Media type term |
video |
| 338 ## - Carrier type |
| Carrier type term |
videodisc |
| 340 ## - PHYSICAL MEDIUM |
| Dimensions |
4 3/4 in. |
| -- |
rda |
| 344 ## - |
| -- |
digital |
| -- |
optical |
| -- |
rda |
| 345 ## - |
| -- |
24 fps |
| -- |
rda |
| 346 ## - |
| -- |
NTSC |
| -- |
rda |
| 347 ## - |
| -- |
video file |
| -- |
DVD video |
| -- |
Region 1 |
| -- |
rda |
| 380 ## - |
| -- |
Made-for-TV movies |
| 538 ## - SYSTEM DETAILS NOTE |
| System details note |
DVD, NTSC region 1. |
| 546 ## - LANGUAGE NOTE |
| Language note |
In English; closed-captioned. |
| 500 ## - GENERAL NOTE |
| General note |
Title from container. |
| 511 1# - PARTICIPANT OR PERFORMER NOTE |
| Participant or performer note |
Erin Krakow, Daniel Lissing, Lori Loughlin, Jack Wagner. |
| 500 ## - GENERAL NOTE |
| General note |
Originally broadcast as on television in 2016 by Hallmark Channel in the United States and Super Channel in Canada. |
| 500 ## - GENERAL NOTE |
| General note |
Based on the series by Janette Oke. |
| 520 ## - SUMMARY, ETC. |
| Summary, etc |
A strong-willed teacher who has foregone the life of the big city, Elizabeth Thatcher has made the small frontier town of Hope Valley her home, with no small help from a handsome Mountie named Jack. But life on the frontier can hand you many tough turns, and so it is for Jack and Elizabeth as they face pressures put upon them by family, rivals, lawless criminals and even catastrophic natural disasters in their quest to find their place in this remote and rugged land. |
| 505 00 - FORMATTED CONTENTS NOTE |
| Title |
It begins with heart |
| Miscellaneous information |
(88 min.) -- |
| Title |
Troubled hearts |
| Miscellaneous information |
(84 min.) -- |
| Title |
Heart of a hero |
| Miscellaneous information |
(84 min.) -- |
| Title |
Forever in my heart |
| Miscellaneous information |
(84 min.) -- |
| Title |
Hearts in question |
| Miscellaneous information |
(84 min.). |
| 500 ## - GENERAL NOTE |
| General note |
Bonus features on disc 5 (Hearts in question): Featurette: When calls the Heart Hallmark Channel on Location. |
| 508 ## - CREATION/PRODUCTION CREDITS NOTE |
| Creation/production credits note |
Hallmark Channel presents ; from executive producer Michael Landon Jr. |
| 521 ## - TARGET AUDIENCE NOTE |
| Target audience note |
DVD |
| Source |
Baker & Taylor |
| 650 #0 - SUBJECT ADDED ENTRY--TOPICAL TERM |
| Topical term or geographic name as entry element |
Women pioneers |
| Form subdivision |
Drama. |
| 9 (RLIN) |
5690641 |
| 650 #0 - SUBJECT ADDED ENTRY--TOPICAL TERM |
| Topical term or geographic name as entry element |
Man-woman relationships |
| Form subdivision |
Drama. |
| 9 (RLIN) |
5673977 |
| 650 #0 - SUBJECT ADDED ENTRY--TOPICAL TERM |
| Topical term or geographic name as entry element |
Teachers |
| Form subdivision |
Drama. |
| 9 (RLIN) |
5690721 |
| 651 #0 - SUBJECT ADDED ENTRY--GEOGRAPHIC NAME |
| Geographic name |
Canada |
| Form subdivision |
Drama. |
| 9 (RLIN) |
5690642 |
| 650 #7 - SUBJECT ADDED ENTRY--TOPICAL TERM |
| Topical term or geographic name as entry element |
Man-woman relationships. |
| Source of heading or term |
fast |
| -- |
(OCoLC)fst01007080 |
| 9 (RLIN) |
6015967 |
| 650 #7 - SUBJECT ADDED ENTRY--TOPICAL TERM |
| Topical term or geographic name as entry element |
Teachers. |
| Source of heading or term |
fast |
| -- |
(OCoLC)fst01144248 |
| 9 (RLIN) |
6015968 |
| 650 #7 - SUBJECT ADDED ENTRY--TOPICAL TERM |
| Topical term or geographic name as entry element |
Women pioneers. |
| Source of heading or term |
fast |
| -- |
(OCoLC)fst01178307 |
| 9 (RLIN) |
6015969 |
| 651 #7 - SUBJECT ADDED ENTRY--GEOGRAPHIC NAME |
| Geographic name |
Canada. |
| Source of heading or term |
fast |
| -- |
(OCoLC)fst01204310 |
| 9 (RLIN) |
6015970 |
| 655 #0 - INDEX TERM--GENRE/FORM |
| Genre/form data or focus term |
DVD-Video discs. |
| 9 (RLIN) |
5673658 |
| 655 #0 - INDEX TERM--GENRE/FORM |
| Genre/form data or focus term |
Videodiscs. |
| 9 (RLIN) |
5674338 |
| 655 #0 - INDEX TERM--GENRE/FORM |
| Genre/form data or focus term |
DVDs. |
| 9 (RLIN) |
6015971 |
| 655 #7 - INDEX TERM--GENRE/FORM |
| Genre/form data or focus term |
Drama. |
| Source of term |
fast |
| -- |
(OCoLC)fst01423879 |
| 9 (RLIN) |
5673873 |
| 655 #7 - INDEX TERM--GENRE/FORM |
| Genre/form data or focus term |
Film adaptations. |
| Source of term |
fast |
| -- |
(OCoLC)fst01710491 |
| 9 (RLIN) |
6015972 |
| 655 #7 - INDEX TERM--GENRE/FORM |
| Genre/form data or focus term |
Made-for-TV movies. |
| Source of term |
fast |
| -- |
(OCoLC)fst01710404 |
| 9 (RLIN) |
6015973 |
| 655 #7 - INDEX TERM--GENRE/FORM |
| Genre/form data or focus term |
Video recordings for the hearing impaired. |
| Source of term |
fast |
| -- |
(OCoLC)fst01710450 |
| 9 (RLIN) |
6015974 |
| 655 #7 - INDEX TERM--GENRE/FORM |
| Genre/form data or focus term |
Made-for-TV movies. |
| Source of term |
lcgft |
| 9 (RLIN) |
6015973 |
| 655 #7 - INDEX TERM--GENRE/FORM |
| Genre/form data or focus term |
Film adaptations. |
| Source of term |
lcgft |
| 9 (RLIN) |
6015972 |
| 655 #7 - INDEX TERM--GENRE/FORM |
| Genre/form data or focus term |
Video recordings for the hearing impaired. |
| Source of term |
lcgft |
| 9 (RLIN) |
6015974 |
| 700 1# - ADDED ENTRY--PERSONAL NAME |
| Personal name |
Landon, Michael, |
| Dates associated with a name |
1964- |
| Relator term |
television producer. |
| 9 (RLIN) |
73065 |
| 700 1# - ADDED ENTRY--PERSONAL NAME |
| Personal name |
Krakow, Erin, |
| Relator term |
actor. |
| 9 (RLIN) |
5688507 |
| 700 1# - ADDED ENTRY--PERSONAL NAME |
| Personal name |
Lissing, Daniel, |
| Dates associated with a name |
1981- |
| Relator term |
actor. |
| 9 (RLIN) |
5712480 |
| 700 1# - ADDED ENTRY--PERSONAL NAME |
| Personal name |
Loughlin, Lori, |
| Relator term |
actor. |
| 9 (RLIN) |
70589 |
| 700 1# - ADDED ENTRY--PERSONAL NAME |
| Personal name |
Wagner, Jack, |
| Dates associated with a name |
1959- |
| Relator term |
actor. |
| 9 (RLIN) |
5712481 |
| 700 1# - ADDED ENTRY--PERSONAL NAME |
| -- |
Television adaptation of (work): |
| Personal name |
Oke, Janette, |
| Dates associated with a name |
1935- |
| Title of a work |
When calls the heart. |
| 9 (RLIN) |
5690644 |
| 710 2# - ADDED ENTRY--CORPORATE NAME |
| Corporate name or jurisdiction name as entry element |
Hallmark Channel (Television network), |
| Relator term |
broadcaster. |
| 9 (RLIN) |
5690645 |
| 710 2# - ADDED ENTRY--CORPORATE NAME |
| Corporate name or jurisdiction name as entry element |
Super Channel (Canada), |
| Relator term |
broadcaster. |
| 9 (RLIN) |
6015975 |
| 710 2# - ADDED ENTRY--CORPORATE NAME |
| Corporate name or jurisdiction name as entry element |
Shout! Factory (Firm), |
| Relator term |
distributor. |
| 9 (RLIN) |
70304 |
| 730 0# - ADDED ENTRY--UNIFORM TITLE |
| Uniform title |
When calls the heart (Television program) |
| 9 (RLIN) |
5712483 |
| 740 02 - ADDED ENTRY--UNCONTROLLED RELATED/ANALYTICAL TITLE |
| Uncontrolled related/analytical title |
It begins with heart. |
| 740 02 - ADDED ENTRY--UNCONTROLLED RELATED/ANALYTICAL TITLE |
| Uncontrolled related/analytical title |
Troubled hearts. |
| 740 02 - ADDED ENTRY--UNCONTROLLED RELATED/ANALYTICAL TITLE |
| Uncontrolled related/analytical title |
Heart of a hero. |
| 740 02 - ADDED ENTRY--UNCONTROLLED RELATED/ANALYTICAL TITLE |
| Uncontrolled related/analytical title |
Forever in my heart. |
| 740 02 - ADDED ENTRY--UNCONTROLLED RELATED/ANALYTICAL TITLE |
| Uncontrolled related/analytical title |
Hearts in question. |
| 942 ## - ADDED ENTRY ELEMENTS (KOHA) |
| Koha item type |
DVD |
| 948 ## - LOCAL PROCESSING INFORMATION (OCLC); SERIES PART DESIGNATOR (RLIN) |
| Series part designator, SPT (RLIN) |
12/03/2019 |
| z (OCLC) |
Sirsi |
| 994 ## - |
| -- |
C0 |
| -- |
WACOL |
| 996 ## - |
| -- |
172504 |
| -- |
34301001651183 |
| -- |
DVD |
| -- |
DVD |
| -- |
wcl |
| -- |
i |
| -- |
0 |
| -- |
29.93 |
| -- |
.CIRCNOTE. 5 discs |
| -- |
Baker & Taylor |
| -- |
Whe |
| -- |
12/03/2019 |
| -- |
12/03/2019 |